ბათუმის შოთა რუსთაველის სახელმწიფო უნივერსიტეტის ბიბლიოთეკა

The looming tower : (ბიბ.ჩანაწერი № 61308)

000 -LEADER
fixed length control field 01356cam a2200373 i 4500
001 - CONTROL NUMBER
control field 20419761
005 - DATE AND TIME OF LATEST TRANSACTION
control field 20240201174936.0
008 - FIXED-LENGTH DATA ELEMENTS--GENERAL INFORMATION
fixed length control field 180326t20112006nyuabf b 001 0 eng
010 ## - LIBRARY OF CONGRESS CONTROL NUMBER
LC control number 2017301151
020 ## - INTERNATIONAL STANDARD BOOK NUMBER
International Standard Book Number 9781400030842X (pbk)
040 ## - CATALOGING SOURCE
Original cataloging agency DLC
Language of cataloging eng
Description conventions rda
Transcribing agency DLC
042 ## - AUTHENTICATION CODE
Authentication code pcc
043 ## - GEOGRAPHIC AREA CODE
Geographic area code n-us---
050 00 - LIBRARY OF CONGRESS CALL NUMBER
Classification number HV6432.7
Item number .W75 2011
082 ## - DEWEY DECIMAL CLASSIFICATION NUMBER
Classification number 355+343(73) W-96
100 1# - MAIN ENTRY--PERSONAL NAME
Personal name Wright, Lawrence,
Dates associated with a name 1947-
9 (RLIN) 21177
245 14 - TITLE STATEMENT
Title The looming tower :
Remainder of title Al-Qaeda and the road to 9/11 /
Statement of responsibility, etc. Lawrence Wright.
250 ## - EDITION STATEMENT
Edition statement First Vintage Books edition.
264 #1 - PRODUCTION, PUBLICATION, DISTRIBUTION, MANUFACTURE, AND COPYRIGHT NOTICE
Place of production, publication, distribution, manufacture New York :
Name of producer, publisher, distributor, manufacturer Vintage Books, a division of Random House, Inc.
264 #4 - PRODUCTION, PUBLICATION, DISTRIBUTION, MANUFACTURE, AND COPYRIGHT NOTICE
Date of production, publication, distribution, manufacture, or copyright notice ©2007
300 ## - PHYSICAL DESCRIPTION
Extent 550 pages, 16 unnumbered pages of plates :
Other physical details illustrations, maps ;
Dimensions 21 cm
336 ## - CONTENT TYPE
Content type term text
Content type code txt
Source rdacontent
337 ## - MEDIA TYPE
Media type term unmediated
Media type code n
Source rdamedia
338 ## - CARRIER TYPE
Carrier type term volume
Carrier type code nc
Source rdacarrier
610 20 - SUBJECT ADDED ENTRY--CORPORATE NAME
Corporate name or jurisdiction name as entry element Qaida (Organization)
9 (RLIN) 21178
650 #0 - SUBJECT ADDED ENTRY--TOPICAL TERM
Topical term or geographic name entry element September 11 Terrorist Attacks, 2001.
9 (RLIN) 21179
650 #0 - SUBJECT ADDED ENTRY--TOPICAL TERM
Topical term or geographic name entry element Terrorism
General subdivision Government policy
Geographic subdivision United States.
9 (RLIN) 21180
650 #0 - SUBJECT ADDED ENTRY--TOPICAL TERM
Topical term or geographic name entry element Intelligence service
Geographic subdivision United States.
9 (RLIN) 21181
653 ## - INDEX TERM--UNCONTROLLED
keyword ტერორიზმი
653 ## - INDEX TERM--UNCONTROLLED
keyword დაზვერვის სამსახური
906 ## - LOCAL DATA ELEMENT F, LDF (RLIN)
a 7
b cbc
c origcop
d 2
e ncip
f 20
g y-gencatlg
942 ## - ADDED ENTRY ELEMENTS (KOHA)
Source of classification or shelving scheme
Koha item type წიგნი
ეგზემპლარები
Withdrawn status Lost status Source of classification or shelving scheme Damaged status Not for loan Permanent Location Current Location Shelving location Date acquired Cost, normal purchase price Full call number Barcode Date last seen Copy number Price effective from Koha item type Public note
          ბათუმის შოთა რუსთაველის სახელმწიფო უნივერსიტეტის მთავარი ბიბლიოთეკა ბათუმის შოთა რუსთაველის სახელმწიფო უნივერსიტეტის მთავარი ბიბლიოთეკა წიგნსაცავი 2024-02-01 70.00 355+343(73)W-96 67226 2024-02-01 67226 2024-02-01 წიგნი 70.00